| 000 | 00527nam a22001937a 4500 | ||
|---|---|---|---|
| 003 | OSt | ||
| 005 | 20170301132859.0 | ||
| 008 | 170301b xxu||||| |||| 00| 0 eng d | ||
| 020 | _a0521360323 | ||
| 040 | _cDDC. | ||
| 082 | _a532.0527NAV 2001. | ||
| 100 |
_aC.Foias; _911720 |
||
| 245 | _aNavier-Srokes Equations and Turbulence: | ||
| 260 |
_aCambridge University , _bCambridge University Press. _c2001. |
||
| 300 |
_axiv,347p; _bill: _c24cm. |
||
| 504 | _aincludes index. | ||
| 650 |
_aPhysics. _9809 |
||
| 942 |
_2ddc _cN_PAPAER |
||
| 999 |
_c5609 _d5609 |
||